000 00278nam a22001337a 4500
082 _a530
_bXAV/P
100 _aXAVIER ; JOY
245 _aPHYSICS XI
260 _aTHRISSUR
_bROSARY PUBLISHERS
_c2023
300 _a65
520 _aPHYSICS XI
650 _aREFERENCE
942 _cBK
999 _c6811
_d6811